000 02128cam a2200193 4500500
005 20260329010859.0
041 _afre
042 _adc
100 1 0 _aHer, Thomas
_eauthor
700 1 0 _aLicu, Alexandra
_eauthor
700 1 0 _aVilhem, Steve
_eauthor
245 0 0 _aLa parentalité : un concept pluriel dans un monde en mutation
260 _c2026.
500 _a95
520 _aCet article analyse les enjeux méthodologiques et éthiques de l’approche interprétative, sur les terrains difficiles en particulier, à partir de deux expériences de recherche menées en Russie avant et après l’invasion de l’Ukraine à grande échelle en 2022. Appuyé sur une enquête menée au Daghestan (2013-2016) et une autre réalisée à Moscou et dans plusieurs lieux d’émigration des syndicalistes indépendants (2023-2024), le texte propose un retour réflexif sur la notion de danger, les ajustements méthodologiques et l’influence des statuts et appartenances de la chercheuse, ainsi que sur les dilemmes associés à la diffusion des résultats entre transparence scientifique, respect de l’agentivité et protection des enquêtés.
520 _aThis article examines the methodological and ethical challenges of the interpretive approach through two research projects conducted in Russia before and after the full-scale invasion of Ukraine in 2022, situated within broader debates on challenging fieldwork. Drawing on one study carried out in Dagestan (2013–2016) and another conducted with independent trade union activists (2023–2024) in Moscow and in several countries of their emigration, it offers a reflexive discussion of the notion of danger, the methodological adjustments made during fieldwork, and the researcher’s statuses and positionalities. It outlines the dilemmas involved in disseminating research findings amid the competing demands of scientific transparency, respect for agency, and the protection of research participants.
786 0 _nDossiers Cairn | - | 12 | 2026-02-25 | p. 1-1
856 4 1 _uhttps://shs.cairn.info/dossier-2025-83-page-1?lang=fr&redirect-ssocas=7080
999 _c1856754
_d1856754